|
|
|
|
| LEADER |
00000nab a2200000 a 4500 |
| 001 |
vtls000876400 |
| 003 |
SK-MaSNL |
| 005 |
20260426105617.0 |
| 008 |
180206c1999 xo 0 slo |
| 015 |
|
|
|a SNBRB2004/06-18702
|
| 035 |
|
|
|a CLN000227952
|
| 040 |
|
|
|a SNKBUCL
|b slo
|c SNKBUCL
|e AACR2
|
| 041 |
0 |
|
|a slo
|
| 044 |
|
|
|a xo
|c SK
|
| 080 |
|
|
|a 314:323.15-053.2(=214.58)(437.6):316
|2 UDC-MRF-SK2
|
| 080 |
|
|
|a 316.022.4(=214.58)(437.6)
|2 UDC-MRF-SK2
|
| 100 |
1 |
|
|a Jurová, Anna,
|d 1953-
|4 aut
|9 114645
|
| 245 |
1 |
0 |
|a Ohrozené skupiny - deti a mládež rómskej komunity
|c Anna Jurová a Anna Koptová
|
| 300 |
|
|
|b Fotogr.
|
| 650 |
0 |
7 |
|a demografia
|2 SNKPH
|9 3827
|
| 650 |
0 |
7 |
|a romiká
|2 SNKPH
|9 72855
|
| 650 |
0 |
7 |
|a rómske deti
|2 SNKPH
|9 31049
|
| 650 |
0 |
7 |
|a rómska mládež
|2 SNKPH
|9 63360
|
| 650 |
0 |
7 |
|a ohrozené skupiny
|2 SNK
|9 1626855
|
| 650 |
0 |
7 |
|a sociálna politika
|2 SNKPH
|9 2333
|
| 650 |
0 |
7 |
|a Rómovia
|2 SNKPH
|9 1702
|
| 650 |
0 |
7 |
|a deti a mládež
|2 SNKPH
|9 774
|
| 651 |
|
7 |
|a Slovensko
|2 SNKPHgeo
|9 14231
|
| 655 |
|
7 |
|a články z novín a časopisov
|2 SNK
|9 267496
|
| 700 |
1 |
|
|a Koptová, Anna,
|d 1953-
|4 aut
|9 15675
|
| 773 |
0 |
|
|t Sam adaj
|q Sme tu
|g Roč. 2, č. 7 (1999), s. 6
|
| 850 |
|
|
|a Slovenská národná knižnica v Martine
|
| 852 |
|
|
|a SNK
|b KIS3GCP
|
| 958 |
|
|
|a RBX
|
| 999 |
|
|
|c 3355751
|d 3357681
|